|
|
|
|
| LEADER |
02410nam a2200481 i 4500 |
| 001 |
nkc20213346417 |
| 003 |
CZ PrNK |
| 005 |
20221007132137.0 |
| 007 |
ta |
| 008 |
211105s2021 xr g 000 j cze |
| 015 |
|
|
|a cnb003346417
|
| 020 |
|
|
|a 978-80-242-7715-8
|q (kroužková vazba) :
|c Kč 349,00
|
| 035 |
|
|
|a (OCoLC)1302727536
|
| 040 |
|
|
|a ABG001
|b cze
|e rda
|
| 072 |
|
7 |
|a 821.162.3-3
|x Česká próza
|2 Konspekt
|9 25
|
| 080 |
|
|
|a 821.162.3-3
|2 MRF
|
| 080 |
|
|
|a (0:82-4)
|2 MRF
|
| 080 |
|
|
|a (046)
|2 MRF
|
| 100 |
1 |
|
|a Eben, Marek,
|d 1957-
|7 jn19981000940
|4 aut
|
| 245 |
1 |
0 |
|a Myšlenky za volantem /
|c Marek Eben
|
| 250 |
|
|
|a Druhé, rozšířené vydání
|
| 264 |
|
1 |
|a Praha :
|b Euromedia Group,
|c 2021
|
| 300 |
|
|
|a 183 stran ;
|c 19 cm
|
| 336 |
|
|
|a text
|b txt
|2 rdacontent
|
| 337 |
|
|
|a bez média
|b n
|2 rdamedia
|
| 338 |
|
|
|a svazek
|b nc
|2 rdacarrier
|
| 500 |
|
|
|a Na obálce uveden nakladatel: Brána
|
| 520 |
2 |
|
|a Rozšířené vydání knihy Marka Ebena představuje soubor sloupků a fejetonů, které vycházely časopisecky v letech 2014-2021.
|b V půvabném a hravém souboru se Marek Eben představuje jako vtipný vypravěč, který glosuje nejrůznější události ze svého života, vzpomíná na blízké osoby, případně dokonce uvažuje nad nečekanými souvislostmi a situacemi, které ho "přepadly" v dnešní neklidné koronavirové době. Tyto myšlenky a postřehy napadají autora téměř výhradně při řízení motorového vozidla: při této činnosti tak myslí nejen na šoférské umění svého tatínka či na domácí čtyřnohé mazlíčky, ale připomíná si i faktory, které úzce souvisejí s aktivitou za volantem: mezi ně patří třeba přezutí pneumatik, potíže s navigací nebo zkušenosti se servisem.
|
| 655 |
|
7 |
|a české prózy
|7 fd133972
|2 czenas
|
| 655 |
|
7 |
|a fejetony
|7 fd132252
|2 czenas
|
| 655 |
|
7 |
|a sloupky
|7 fd185959
|2 czenas
|
| 655 |
|
9 |
|a Czech prose
|2 eczenas
|
| 655 |
|
9 |
|a feuilletons
|2 eczenas
|
| 655 |
|
9 |
|a columns
|2 eczenas
|
| 910 |
2 |
|
|a BOA001
|b 1-1476.636
|
| 920 |
|
|
|a 4619999
|z ABG001
|
| 928 |
9 |
|
|a Euromedia Group - Brána
|
| 928 |
9 |
|
|a Brána
|
| 990 |
|
|
|a BK
|
| 995 |
|
|
|a 01
|
| 991 |
|
|
|b 202112
|c NOV
|
| 996 |
6 |
|
|b 2610886955
|c 1-1476.636
|l MZK
|r Sklad / do 1 hodiny
|n 7
|p p.v.
|w 001870466
|u 000010
|a 1
|e BOA001
|j MZK50
|s P
|
| 996 |
7 |
|
|b 2610916839
|c 1-1476.636
|l MZK
|r Sklad / do 1 hodiny
|n 10
|p kup
|w 001870466
|u 000020
|a 1
|e BOA001
|j MZK50
|s A
|